Systolic array exploitation of a neural network inherent parallelism solving the nearest neighbor problem /

Gorde:
Xehetasun bibliografikoak
Egile nagusia: Bekakos, Michael P.
Beste egile batzuk: Pramataris, Katherine C.
Formatua: Artikulua
Hizkuntza:English
Gaiak:
Etiketak: Etiketa erantsi
Etiketarik gabe, Izan zaitez lehena erregistro honi etiketa jartzen!
Thư viện lưu trữ: Thư viện Trường Đại học Đà Lạt
LEADER 01089nam a2200325 4500
001 DLU090078613
005 ##20090608
040 # # |a DLU  |b eng 
041 # # |a eng 
044 # # |a UK 
100 # # |a Bekakos, Michael P.  
245 # # |a Systolic array exploitation of a neural network inherent parallelism solving the nearest neighbor problem /  |c Michael P. Bekakos, Katherine C. Pramataris. 
653 # # |a Backpropagation neural network 
653 # # |a Kohonen neural network 
653 # # |a Matrix-vector multiplication 
653 # # |a Nearest neighbor problem 
653 # # |a Neural networks 
653 # # |a Systolic arrays 
653 # # |a Text retrieval 
700 # # |a Pramataris, Katherine C.  
773 # # |t Nonlinear Analysis, Theory, Methods & Applications  |g Vol. 30, part 5 (December 1997), p. 2945-2952 
920 # # |a Phòng Tạp chí -- Trung tâm Thông tin - Thư viện Trường Đại học Đà Lạt 
994 # # |a DLU 
900 # # |a True 
911 # # |a Trương Bảo Trâm Anh 
925 # # |a G 
926 # # |a A 
927 # # |a BB 
980 # # |a Thư viện Trường Đại học Đà Lạt